Normal view
MARC view
- Sup Dr. Waqar Azim.
Entry Personal Name
001 - CONTROL NUMBER
- control field: 30584
003 - CONTROL NUMBER IDENTIFIER
- control field: NUST
005 - DATE AND TIME OF LATEST TRANSACTION
- control field: 20200922164739.0
008 - FIXED-LENGTH DATA ELEMENTS
- fixed length control field: 200922|| aca||aabn | a|a d
040 ## - CATALOGING SOURCE
- Original cataloging agency: NUST
- Transcribing agency: NUST
100 ## - HEADING--PERSONAL NAME
- Personal name: Sup Dr. Waqar Azim.
670 ## - SOURCE DATA FOUND
- Source citation: Work cat.: (NUST): Shafi, Mohsin 30582, Correlation of Hypothyroidism with insulin Resistance, Lipid Metabolism and hsCRP Levels and Possibility of Their Use in Evaluating Cardiovascular Risk /, 2012.
